| 000 | 00957nam a2200217 i 4500 | ||
|---|---|---|---|
| 001 | 159726 | ||
| 003 | ES-MaACL | ||
| 005 | 20250902110048.0 | ||
| 008 | 990104s1885 sp |||| | spa d | ||
| 040 |
_aCCPB | B _bspa _cCCPB | B |
||
| 100 | 1 |
_aMir Casases, Antonio. _9129962 |
|
| 245 | 1 | 3 |
_aLa estación troglodita de Susterris (Conca de Tremp) _b: memoria leida ante la Sociedad Arqueológica Tarraconense / _cpor Antonio Mir Casases. |
| 260 |
_aTarragona : _b[s.n.], _c1885 ( _fImprenta de F. Arís e Hijo) |
||
| 300 |
_a37 p. ; _c22 cm. |
||
| 490 | 1 | _aArqueología prehistórica | |
| 599 | _aPrecede a la port. il. del megalito de Susterris. | ||
| 610 | 2 | 4 |
_aReal Sociedad Arqueológica Tarraconense _96639 |
| 830 | 0 |
_aArqueología prehistórica _9221967 |
|
| 852 |
_aES-MaACL _jT-704-F-2 _z-- Enc. hol. conservando la cub. original _z-- Dedicatoria ms. del autor a Gustavo Saenz Diez _z-- Enc. en un vol. facticio |
||
| 999 |
_c159726 _d159726 |
||